Les 10 jeux les plus joués de Roblox - Statistiques

Statistiques générales
  • Ce quiz a été pris 1 727 fois
  • Le résultat moyen est 2 sur 10
Statistiques - réponses
Nb de Joueurs Jeu % Correct
36,4 milliards Adopt me
81%
34,6 milliards Blox fruits
37%
48,6 milliards Brookhaven RP
24%
16 milliards Meepcity
17%
12,7 milliards Piggy
17%
23,2 milliards Tower of hell
16%
15,2 milliards Murder Mistery 2
9%
8,7 milliards Pet simulator X
6%
8,5 milliards Welcome to Bloxburg
5%
9,8 milliards Royale High
3%
Aucun quiz correspondant
Distribution des résultats
% des personnes avec chaque résultat
Percentile par nombre de réponses
Votre historique - résultats
Vous n’avez pas pris ce quiz